书目信息 |
| 题名: |
ASP.NET 2.0网络编程从基础到实践
|
|
| 作者: | 马颖华 编著 | |
| 分册: | ||
| 出版信息: | 北京 电子工业出版社 2007.01 |
|
| 页数: | 614页 | |
| 开本: | 26cm | |
| 丛书名: | 从基础到实践丛书 | |
| 单 册: | ||
| 中图分类: | TP393.092 | |
| 科图分类: | ||
| 主题词: | 互联网络--hu lian wang luo--关系型数据库--数据库管理系统 , 网页制作工具--wang ye zhi zuo gong ju--程序设计 | |
| 电子资源: | ||
| ISBN: | 7-121-03639-8 | |
| 000 | 01082nam 2200277 450 | |
| 001 | 299325 | |
| 005 | 19960123114840 | |
| 010 | @a7-121-03639-8@dCNY65.00 (含光盘) | |
| 010 | @a978-7-89485-146-8@b光盘 | |
| 100 | @a20070518d2007 em y0chiy0121 ea | |
| 101 | 0 | @achi |
| 102 | @aCN@b110000 | |
| 105 | @ay z 000yy | |
| 106 | @ar | |
| 200 | 1 | @aASP.NET 2.0网络编程从基础到实践@AASP.NET 2.0 wang luo bian cheng cong ji chu dao shi jian@f马颖华 ... [等] 编著 |
| 210 | @a北京@c电子工业出版社@d2007.01 | |
| 215 | @a614页@d26cm@e1光盘 | |
| 225 | 2 | @a从基础到实践丛书@Acong ji chu dao shi jian cong shu |
| 330 | @a本书讲解了ASP.NET 2.0的基本知识和各种控件、数据库编程基础、用户控件和自定义控件、母版页和皮肤以及其内置对象、应用程序配置、XML和Web服务、图形图像编程等。 | |
| 410 | 0 | @12001 @a从基础到实践丛书 |
| 606 | 0 | @a互联网络@Ahu lian wang luo@x关系型数据库@x数据库管理系统 |
| 606 | 0 | @a网页制作工具@Awang ye zhi zuo gong ju@x程序设计 |
| 690 | @aTP393.092@v4 | |
| 701 | 0 | @a马颖华@Ama ying hua@4编著 |
| 801 | 0 | @aCN@b@c20070518 |
| 905 | @b671163-64@dTP393.092@eM2111@f2 | |
| ASP.NET 2.0网络编程从基础到实践/马颖华 ... [等] 编著.-北京:电子工业出版社,2007.01 |
| 614页;26cm+1光盘.-(从基础到实践丛书) |
| ISBN 7-121-03639-8:CNY65.00 (含光盘) |
| 本书讲解了ASP.NET 2.0的基本知识和各种控件、数据库编程基础、用户控件和自定义控件、母版页和皮肤以及其内置对象、应用程序配置、XML和Web服务、图形图像编程等。 |
| ● |
| 相关链接 |
|
|
|
正题名:ASP.NET 2.0网络编程从基础到实践
索取号:TP393.092/M2111
 
预约/预借
| 序号 | 登录号 | 条形码 | 馆藏地/架位号 | 状态 | 备注 |
| 1 | 671163 | 206711637 | 自科库301/301自科库 127排2列4层/ [索取号:TP393.092/M2111] | 在馆 | |
| 2 | 671164 | 206711646 | 期刊室512/301自科库 127排2列4层/ [索取号:TP393.092/M2111] | 在馆 |